<?xml version="1.0" encoding="UTF-8"?>
<collection xmlns="http://www.loc.gov/MARC21/slim">
 <record>
  <leader>00441nam a22001455a 4500</leader>
  <controlfield tag="001">EUN.um054097</controlfield>
  <controlfield tag="003">AR-BaUNS</controlfield>
  <controlfield tag="005">20050623122919.0</controlfield>
  <controlfield tag="008">041125s1943####ag#a##########000#0#spa#d</controlfield>
  <datafield tag="245" ind1="1" ind2="4">
   <subfield code="a">Los archivos históricos de Mercedes /</subfield>
   <subfield code="c">Alfredo Iribarren.</subfield>
  </datafield>
  <datafield tag="260" ind1=" " ind2=" ">
   <subfield code="a">La Plata :</subfield>
   <subfield code="b">s.e.,</subfield>
   <subfield code="c">1943.</subfield>
  </datafield>
  <datafield tag="300" ind1=" " ind2=" ">
   <subfield code="a">51 p. :</subfield>
   <subfield code="b">ilus. ;</subfield>
   <subfield code="c">27 cm.</subfield>
  </datafield>
  <datafield tag="100" ind1="1" ind2=" ">
   <subfield code="a">Iribarren, Alfredo.</subfield>
  </datafield>
  <datafield tag="082" ind1="0" ind2="4">
   <subfield code="a">982.1</subfield>
  </datafield>
  <datafield tag="859" ind1=" " ind2=" ">
   <subfield code="a">Ar-BaUNS</subfield>
   <subfield code="b">BIB. CENTRAL - Sector C</subfield>
   <subfield code="h">982.1</subfield>
   <subfield code="i">Ir4</subfield>
   <subfield code="p">1151/956</subfield>
  </datafield>
 </record>
</collection>
